000 00285nam a22001457a 4500
003 SGT
082 _a611
_bG73W
100 _aWarwick, Roger
245 _aGray's Anatomy
250 _a35th Ed.
260 _bLongman
_c1973
300 _a1471
650 _aAnatomy
942 _2ddc
_cRARE
999 _c33252
_d33252